| 000 | 01544nam a22002177a 4500 | ||
|---|---|---|---|
| 942 | _cBK | ||
| 999 |
_c487 _d487 |
||
| 005 | 20250420134812.0 | ||
| 008 | 200723b ||||| |||| 00| 0 eng d | ||
| 020 | _a9781292018249 | ||
| 040 | _cKCST | ||
| 082 |
_a005.133 _bSa Pr |
||
| 100 |
_aSavitch, Walter _94678 |
||
| 245 |
_aProblem solving with c++ / _cWalter Savitch, Kendrick Mock |
||
| 250 |
_a9th edition. _bGlobal edition. |
||
| 260 |
_aHarlow: _bPearson; _c2015. |
||
| 300 | _a1088 p. | ||
| 505 | _aCh. 1. Introduction to computers and C++ programming -- ch. 2. C++ basics -- ch. 3. More flow of control -- ch. 4. Procedural abstraction and functions that return a value -- ch. 5. Functions for all subtasks -- ch. 6. I/O streams as an introduction to objects and classes -- ch. 7. Arrays -- ch. 8. Strings and vectors -- ch. 9. Pointers and dynamic arrays -- ch. 10. Defining classes -- ch. 11. Friends, overloaded operators, and arrays in classes -- ch. 12. Separate compilation and namespaces -- ch. 13. Pointers and linked lists -- ch. 14. Recursion -- ch. 15. Inheritance -- ch. 16. Exception handling -- ch. 17. Templates -- ch. 18. Standard template library -- app. 1. C++ keywords -- app. 2. Precedence of operators -- app. 3. The ASCII character set -- app. 4. Some library functions -- app. 5. Inline functions -- app. 6. Overloading the array index square brackets -- app. 7. The this pointer -- app. 8. Overloading operators as member operators. | ||
| 650 |
_aC++ (Computer program language). _9162 |
||
| 700 |
_aMock, Kendrick _94679 |
||
| 942 | _2ddc | ||